Loading...

Test problems in cost accounting and factory organization/2e

Bibliographic Details
Main Author: Batliboi, Jamshed R.
Format: Printed Book
Language:English
Published: Bombay The standard accountancy 1958
Edition:2nd ed.
Subjects:
LEADER 00573nam a22001697a 4500
005 20151215125310.0
008 091121t xxu||||| |||| 00| 0 eng d
082 |a 657.42  |b BAT 
100 |a Batliboi, Jamshed R.  |9 10409 
245 |a Test problems in cost accounting and factory organization/2e 
250 |a 2nd ed. 
300 |a 400p 
653 |a Cost accounting  
942 |c BK  |6 _ 
260 |c 1958  |a Bombay  |b The standard accountancy  
999 |c 101234  |d 101234 
952 |0 0  |1 0  |2 ddc  |4 0  |6 65742_BAT  |7 0  |9 127676  |a SMS  |b SMS  |c GEN  |d 2009-11-21  |o 657.42 BAT  |p SMS000121  |r 2009-11-21  |w 2009-11-21  |y BK